| 000 | 02139nam a2200805 i 4500 | ||
|---|---|---|---|
| 001 | nkc20243588408 | ||
| 003 | CZ PrSKC | ||
| 005 | 20260424144547.0 | ||
| 007 | ta | ||
| 008 | 240212s2024 xr a e f 000 0 cze | ||
| 015 | _acnb003588408 | ||
| 020 |
_a9788026451280 _q(vázáno) : _cKč 399,00 |
||
| 035 | _a(OCoLC)1429249865 | ||
| 040 |
_aOLA001 _bcze _dABA001 _erda |
||
| 072 | 7 |
_a641 _xKuchařství. Potraviny. Vařená jídla _2Konspekt |
|
| 080 |
_a641.55 _2MRF |
||
| 080 |
_a(083.12) _2MRF |
||
| 100 | 0 |
_aOstravsky Gastrošef _4aut |
|
| 245 | 1 | 0 |
_aHeřmanova kuchařka : _bvař jako mišulin / _cOstravsky Gastrošef |
| 250 | _a1. vydání | ||
| 264 | 1 |
_aV Brně : _bCPress, _c2024 |
|
| 300 |
_a159 stran : _bbarevné ilustrace ; _c24 cm |
||
| 336 |
_atext _btxt _2rdacontent |
||
| 337 |
_abez média _bn _2rdamedia |
||
| 338 |
_asvazek _bnc _2rdacarrier |
||
| 500 | _aObsahuje QR kódy s přístupem k videonahrávkám | ||
| 520 | 2 | _aYoutuber, který sám sebe nazývá odborníkem na všechno, přináší tištěnou kuchařku, kde jsou recepty uvedené v ostravském nářečí. | |
| 650 | 0 | 7 |
_ajídla _2czenas |
| 650 | 0 | 9 |
_ameals _2eczenas |
| 655 | 7 |
_akuchařské recepty _2czenas |
|
| 655 | 9 |
_acookbooks _2eczenas |
|
| 787 | 0 | 8 |
_iZ cyklu: _tHeřmanova kuchařka _g1 |
| 900 | _b19 | ||
| 910 | _aABA001 | ||
| 910 | _aABG001 | ||
| 910 | _aBKG501 | ||
| 910 | _aBOA001 | ||
| 910 | _aCBA001 | ||
| 910 | _aDCG302 | ||
| 910 | _aHBG001 | ||
| 910 | _aHKA001 | ||
| 910 | _aJCG001 | ||
| 910 | _aJHG001 | ||
| 910 | _aJNG001 | ||
| 910 | _aKAG001 | ||
| 910 | _aKAG503 | ||
| 910 | _aKAG505 | ||
| 910 | _aKAG506 | ||
| 910 | _aKLG001 | ||
| 910 | _aKVG001 | ||
| 910 | _aLIA001 | ||
| 910 | _aNJG001 | ||
| 910 | _aNJG502 | ||
| 910 | _aOLA001 | ||
| 910 | _aOLG001 | ||
| 910 | _aOPG001 | ||
| 910 | _aOPG503 | ||
| 910 | _aOSA001 | ||
| 910 | _aOSG002 | ||
| 910 | _aPRG001 | ||
| 910 | _aPRG501 | ||
| 910 | _aTPG001 | ||
| 910 | _aTPG503 | ||
| 910 | _aUHG001 | ||
| 910 | _aULG001 | ||
| 910 | _aVYG001 | ||
| 910 | _aZLG001 | ||
| 910 | _aZRG501 | ||
| 942 |
_2ddc _cKNIHA _n0 |
||
| 999 |
_c1878 _d1878 |
||